1510 1628 1281 1562 1173 1803 1031 1343 1416 1577 1604 1331 1107 1245 1183 1140 1677 1308 1521 1692 1846 1920 1120 1576 1133 1540 1193 1279 1565 1745 1209 1441 1653 1845 1619 1868 1030 1342 1049 1689 1071 1920 1100 1567 1724 1414 1195 1820 1604 1022 1200 1687 1676 1383 1949 1908 1300 1286 1025 1065 1163 1684 1334 1207 1168 1160 1118 1600 1877 1520 1054 1846 1255 1755 1984 1030 1300 1505 1217 1573 1942 1755 1580 1855 1337 1282 1803 1746 1259 1338 1321 1390 1082 1256 1608 1685 1562 1609 1794 BCNSPRNW ULIB Ver.6.0+V

เปลี่ยนเป็นภาษาไทย

Change to English
 แสดงรายละเอียดบรรณานุกรม
  กลับหน้าหลัก

Brief Record : Get Marc (ISO 2709) : E-mail record : QR code < ปิดหน้าต่าง
LEADER : 00000nam 2200000uu 4500
001    13399120182
003     ULIB
008    120907s2550||||th 000 0 tha d
020    ^a9789740962984
060 04 ^aWL307^bก124ป
100 0  ^aกนกพร ฉายะบุระกูล
245 10 ^aประสาทกายวิภาคศาสตร์ :^bสมองใหญ่ (Cerebrum) สมองน้อย(Cerebellum) /^cกนกพร ฉายะบุระกุล
250    ^aพิมพ์ครั้งที่ 1
260    ^aปทุมธานี :^bสำนักพิมพ์มหาวิทยาลัยรังสิต,^c2550
300    ^a105 หน้า :^bภาพประกอบ ;^c26 ซม.
650  7 ^aประสาทกายวิภาคศาสตร์
650  7 ^aประสาทสมอง^xกายวิภาค
650  7 ^aสมอง^xกายวิภาค
650  7 ^aสมอง^xประสาทกายวิภาคศาสตร์
650  7 ^aสมองน้อย^xกายวิภาค
945    ^p160^l0^i16871
945    ^p160^l0^i16872
995    ^aทศพร
999    ^aทศพร เกษรทอง
รายการนี้ยังไม่มีแท็ก
คุณยังไม่ได้ล็อกอิน คุณสามารถมีกิจกรรมร่วมกับเว็บไซต์ได้ แต่ต้องล็อกอินก่อน ::
  ล็อกอิน

รายการสื่อสารสนเทศ

ลำดับที่ ประเภท เลขเรียก/บาร์โค้ด สถานที่ สถานะ
1. วิทยาศาสตร์การแพทย์ และสุขภาพ
วิทยาศาสตร์การแพทย์ และสุขภาพ
WL307 ก124ป ฉ.1 
  Barcode: 16871
ห้องสมุดวิทยาเขตสวรรค์ประชารักษ์
►ส่วนจัดเก็บหนังสือเก่า สปร
บนชั้น
  ขอยืม
2. วิทยาศาสตร์การแพทย์ และสุขภาพ
วิทยาศาสตร์การแพทย์ และสุขภาพ
WL307 ก124ป ฉ.2 
  Barcode: 16872
ห้องสมุดวิทยาเขตสวรรค์ประชารักษ์
►ส่วนจัดเก็บหนังสือเก่า สปร
บนชั้น
  ขอยืม

รายการใกล้เคียง
    หัวเรื่อง [ประสาทกายวิภาคศาสตร์]

BibComment


ยังไม่เคยถูกคอมเมนท์

คอมเมนท์ทรัพยากรรายการนี้
  คอมเมนท์: ประสาทกายวิภาคศา..


 Copyright 2026. Bcnsprnw @Library